zpět

Detail výsledku týmu

KARLOS bar - Běchovice, Praha

Datum a čas kvízu

13.5 Celkem bodů Celkový počet nahraných bodů na tomto kvízu bez doplňovacích otázek.
4. Pořadí na kvízu Konečné umístění týmu na tomto kvízu.

Zaznamenané odpovědi

# Otázka Odpověď Body Výsledky
1. Český prezident Miloš Zeman se... Vídeň, šilink (Schilling) 0.5
2. Ve výčtu nejlepších aprílových... z (nakládaných) okurek 0
3. Během návštěvy komunitního stř... Fortnite 1
4. Švédský nábytkářský řetězec IK... začne nabízet pronájem nábytku 0
5. Fotbalisté anglického klubu, h... Tottenham Hotspur FC 0
6. V tomto tématu ověříme vaše zn... pouze jelení zvěř 0
7. Vyberte jedno psí plemeno, kte... A 0
8. Jelen bílý je zvláštní barevno... Žleby, Žehušice, Kopidlno a Janovice 0
9. Kolikaterák je tento jelen? desaterák (nerovný) 0
10. Co v myslivecké mluvě znamená... kančí kly 0